Invitation to Christian ethics : (Record no. 9846)

MARC details
000 -LEADER
fixed length control field 01872cam a2200313Ia 4500
001 - CONTROL NUMBER
control field 1202739047
003 - CONTROL NUMBER IDENTIFIER
control field OCoLC
005 - DATE AND TIME OF LATEST TRANSACTION
control field 20241126110720.0
008 - FIXED-LENGTH DATA ELEMENTS--GENERAL INFORMATION
fixed length control field 201103t20202020miu b 001 0 eng d
020 ## - INTERNATIONAL STANDARD BOOK NUMBER
International Standard Book Number 9780825434457
Qualifying information (hardback)
020 ## - INTERNATIONAL STANDARD BOOK NUMBER
International Standard Book Number 0825434459
Qualifying information (hardback)
035 ## - SYSTEM CONTROL NUMBER
System control number (OCoLC)1202739047
040 ## - CATALOGING SOURCE
Original cataloging agency DTM
Language of cataloging eng
Transcribing agency DTM
Modifying agency OCLCF
-- OCLCO
-- KTS
-- BDX
-- NOW
082 ## - DEWEY DECIMAL CLASSIFICATION NUMBER
Classification number 241
Item number MAG
092 ## - LOCALLY ASSIGNED DEWEY CALL NUMBER (OCLC)
Classification number 241
Item number M199I
100 1# - MAIN ENTRY--PERSONAL NAME
Personal name Magnuson, Ken,
Relator term author
9 (RLIN) 17116
245 10 - TITLE STATEMENT
Title Invitation to Christian ethics :
Remainder of title moral reasoning and contemporary issues /
Statement of responsibility, etc. Ken Magnuson
264 #1 - PRODUCTION, PUBLICATION, DISTRIBUTION, MANUFACTURE, AND COPYRIGHT NOTICE
Place of production, publication, distribution, manufacture Grand Rapids, MI :
Name of producer, publisher, distributor, manufacturer Kregel Academic,
Date of production, publication, distribution, manufacture, or copyright notice [2020]
264 #4 - PRODUCTION, PUBLICATION, DISTRIBUTION, MANUFACTURE, AND COPYRIGHT NOTICE
Date of production, publication, distribution, manufacture, or copyright notice ℗♭2020
300 ## - PHYSICAL DESCRIPTION
Extent 543 pages ;
Dimensions 24 cm
490 1# - SERIES STATEMENT
Series statement Invitation to theological studies series
500 ## - GENERAL NOTE
General note Includes bibliographical references and index
520 ## - SUMMARY, ETC.
Summary, etc. Invitation to Christian Ethics is an indispensable guide for helping pastors, counselors, and everyday Christians navigate today's difficult moral questions. Readers will benefit from Ken Magnuson's survey of ethics from a biblical perspective as well as contemporary theories of moral reasoning. This survey is followed by twelve chapters devoted to some of the thorniest issues Christians encounter today. Magnuson provides biblical insight into each topic and presents key moral considerations. He also answers specific, practical questions that arise and concludes with a summary of his recommended approach to each issue. Readers will learn how to grapple with difficult moral questions and will receive guidance for some of life's most challenging ethical conundrums. --
Assigning source From publisher's description
650 #0 - SUBJECT ADDED ENTRY--TOPICAL TERM
Topical term or geographic name entry element Ethics in the Bible
9 (RLIN) 145
650 #0 - SUBJECT ADDED ENTRY--TOPICAL TERM
Topical term or geographic name entry element Christian ethics
General subdivision Biblical teaching
9 (RLIN) 1626
650 #0 - SUBJECT ADDED ENTRY--TOPICAL TERM
Topical term or geographic name entry element Ethics in the Bible
General subdivision Study and teaching
9 (RLIN) 16069
830 #0 -
-- Invitation to theological studies series
-- 16016
942 ## - ADDED ENTRY ELEMENTS (KOHA)
Source of classification or shelving scheme Dewey Decimal Classification
Koha item type Books
Koha issues (borrowed), all copies 8
Holdings
Withdrawn status Lost status Source of classification or shelving scheme Damaged status Not for loan Home library Current Library Shelving location Date acquired Total checkouts Total renewals Full call number Barcode Date last seen Date last checked out Copy number Price effective from Koha item type
    Dewey Decimal Classification     GRACE BIBLE COLLEGE GRACE BIBLE COLLEGE Theology 2023-07-31 13 2 241 MAG 016257 2025-07-25 2025-07-18 c.1 2023-07-31 Books
© Grace Bible College Library 2025